| 000 | 00780cam a2200193K 4500 | ||
|---|---|---|---|
| 082 |
_a914.7 _bNOR |
||
| 100 | 1 |
_aNorman, Henry, _950584 |
|
| 245 | 1 | 0 |
_aAll the Russias _btravels and studies in contemporary European Russia, Finland, Siberia, the Caucasus, & Central Asia. _cWith 137 illus., chiefly from the author's photos. |
| 250 | _a2d ed. | ||
| 260 |
_aLondon, _cHeinemann, _c1902. |
||
| 300 |
_a1 online resource (xvi, 476 p.) _billus., ports., maps (1 fold.) |
||
| 526 |
_a0 _b0 _c0 _d914_700000000000000_NOR |
||
| 650 | 0 |
_aEastern question (Central Asia) _95486 |
|
| 650 | 0 |
_aMCE _9379 |
|
| 700 | 1 |
_aTolstoy, Leo, _93266 |
|
| 856 | 4 | 0 | _uhttp://books.google.com/books?id=KvFWAAAAMAAJ |
| 856 | 4 | 0 | _uhttp://catalog.hathitrust.org/api/volumes/oclc/6326594.html |
| 942 |
_2ddc _cBK |
||
| 999 |
_c553329 _d553329 |
||